Ciencia, técnica y cultura : (Record no. 13449)

MARC details
000 -LEADER
campo de control de longitud fija 01227nam a2200313 i 4500
001 - NÚMERO DE CONTROL
campo de control 13449
003 - IDENTIFICADOR DE NÚMERO DE CONTROL
campo de control ES-MaACL
005 - FECHA Y HORA DE LA ÚLTIMA TRANSACCIÓN
campo de control 20240201133456.0
007 - CAMPO FIJO DE DESCRIPCIÓN FÍSICA--INFORMACIÓN GENERAL
campo de control de longitud fija t|
008 - DATOS DE LONGITUD FIJA--INFORMACIÓN GENERAL
campo de control de longitud fija 980406s1997 sp |||| |dspa d
020 ## - NÚMERO INTERNACIONAL ESTÁNDAR DEL LIBRO
Número Internacional Estándar del Libro 84-7477-666-X
080 ## - NÚMERO DE LA CLASIFICACIÓN DECIMAL UNIVERSAL
Número de la Clasificación Decimal Universal 929 París, Carlos
080 ## - NÚMERO DE LA CLASIFICACIÓN DECIMAL UNIVERSAL
Número de la Clasificación Decimal Universal 1 París, Carlos (063)
111 2# - ENTRADA PRINCIPAL--NOMBRE DE CONGRESO/REUNIÓN
Nombre de congreso/reunión o jurisdicción como elemento de entrada Congreso Internacional "Ciencia, Técnica, Cultura" (
Fecha del congreso o de la firma del tratado 1992.
Sede del congreso/Lugar de la reunión Madrid)
9 (RLIN) 172407
245 10 - MENCIÓN DEL TÍTULO
Título Ciencia, técnica y cultura :
Resto del título Congreso Internacional : homenaje a la figura y la obra de Carlos París /
Mención de responsabilidad, etc. [Pedro Martínez Montávez ... et al.].
260 ## - PUBLICACIÓN, DISTRIBUCIÓN, ETC.
Lugar de publicación, distribución, etc. Madrid :
Nombre del editor, distribuidor, etc. Ediciones de la Universidad Autónoma de Madrid,
Fecha de publicación, distribución, etc. [1997]
300 ## - DESCRIPCIÓN FÍSICA
Extensión 230 p. ;
Dimensiones 24 cm.
490 1# - MENCIÓN DE SERIE
Mención de serie Colección de estudios ;
Designación de volumen o secuencia 56
504 ## - NOTA DE BIBLIOGRAFÍA, ETC.
Nota de bibliografía, etc. Bibliografía de Carlos París: p. 17-30.
600 14 - PUNTO DE ACCESO ADICIONAL DE MATERIA--NOMBRE DE PERSONA
Nombre de persona París, Carlos,
Fechas asociadas al nombre 1925-2014-
Subdivisión de forma Congresos y asambleas
9 (RLIN) 172406
610 24 - PUNTO DE ACCESO ADICIONAL DE MATERIA--NOMBRE DE ENTIDAD CORPORATIVA
Nombre de entidad corporativa o nombre de jurisdicción como elemento de entrada Ateneo de Madrid-
Subdivisión de forma Conferencias-
Subdivisión cronológica 1983-1999.
9 (RLIN) 168596
700 1# - ENTRADA AGREGADA--NOMBRE PERSONAL
Nombre de persona París, Carlos,
Fechas asociadas al nombre 1925-2014
9 (RLIN) 89133
700 1# - ENTRADA AGREGADA--NOMBRE PERSONAL
Nombre de persona Martínez Montávez, Pedro.
9 (RLIN) 78252
710 2# - ENTRADA AGREGADA--NOMBRE DE ENTIDAD CORPORATIVA
Nombre de entidad corporativa o nombre de jurisdicción como elemento de entrada Universidad Autónoma de Madrid.
9 (RLIN) 7060
830 1# - PUNTO DE ACCESO ADICIONAL DE SERIE-TÍTULO UNIFORME
Título uniforme Colección de estudios ;
Designación de volumen o secuencia 56
9 (RLIN) 179478
852 4# - LOCALIZACIÓN
Ubicación ES-MaACL
Número de control de estantería L-20866
942 ## - ELEMENTOS DE ENTRADA SECUNDARIOS (KOHA)
Fuente del sistema de clasificación o colocación Clasificación decimal universal
Holdings
Estatus retirado Estado de pérdida Estado de daño No para préstamo Colección Biblioteca de origen Biblioteca actual Ubicación en estantería Fecha de adquisición Fuente de adquisición Total de préstamos Signatura topográfica completa Código de barras Visto por última vez Precio de reemplazo Tipo de ítem Koha
        Fondo Ateneo de Madrid Biblioteca del Ateneo de Madrid Biblioteca del Ateneo de Madrid Depósito 2 17/01/2008     L-20866 1013692 23/02/2023 23/02/2023 Libro impreso